| 000 | 00650nam a2200217 4500 | ||
|---|---|---|---|
| 001 | 128098 | ||
| 003 | ES-MaACL | ||
| 005 | 20250903012932.0 | ||
| 007 | t| | ||
| 008 | 070214s1969 sp r ||||1| spa d | ||
| 080 | _a51:37.02 | ||
| 100 | 1 |
_aRoanes Macías, Eugenio. _997775 |
|
| 245 | 1 | 0 |
_aDidáctica de las matemáticas / _cEugenio Roanes Macías. |
| 260 |
_aSalamanca : _bAnaya, _c1969. |
||
| 300 |
_a2 v. (480 ; 175 p.) : _bil. ; _c23 cm. |
||
| 500 | _aÍndices. | ||
| 504 | _aReferencias bibliográficas. | ||
| 650 | 4 |
_aMatemáticas- _xEstudio y enseñanza _914818 |
|
| 852 | 4 |
_aES-MaACL _jC-37937-38 |
|
| 999 |
_c128098 _d128098 |
||